Indian standard approval tests for welding procedures (Record no. 5161)

MARC details
000 -LEADER
fixed length control field 00618nam a2200193Ia 4500
003 - CONTROL NUMBER IDENTIFIER
control field IN-BaIIA
008 - FIXED-LENGTH DATA ELEMENTS--GENERAL INFORMATION
fixed length control field 211028s9999 xx 000 0 eng d
040 ## - CATALOGING SOURCE
Transcribing agency IIA Library
080 ## - UNIVERSAL DECIMAL CLASSIFICATION NUMBER
Universal Decimal Classification number 083.7:621.791.65
Item number ISI
110 ## - MAIN ENTRY--CORPORATE NAME
Corporate name or jurisdiction name as entry element Indian Standards Institution
245 #0 - TITLE STATEMENT
Title Indian standard approval tests for welding procedures
Remainder of title pt. 1, fusion welding of steel
Statement of responsibility, etc. Indian Standards Institution
260 ## - PUBLICATION, DISTRIBUTION, ETC.
Place of publication, distribution, etc. New Delhi
Name of publisher, distributor, etc. Indian Standards Institution
Date of publication, distribution, etc. 1974
300 ## - PHYSICAL DESCRIPTION
Extent 20p.
500 ## - GENERAL NOTE
General note IS 7307 : Part 1 : 1974
650 ## - SUBJECT ADDED ENTRY--TOPICAL TERM
Topical term or geographic name entry element  Standards 
650 ## - SUBJECT ADDED ENTRY--TOPICAL TERM
Topical term or geographic name entry element  Welding Procedures
9 (RLIN) 9147
650 ## - SUBJECT ADDED ENTRY--TOPICAL TERM
Topical term or geographic name entry element NASA Thesaurus 
942 ## - ADDED ENTRY ELEMENTS (KOHA)
Koha item type Books
Holdings
Withdrawn status Lost status Damaged status Not for loan Home library Current library Shelving location Date acquired Cost, normal purchase price Total Checkouts Full call number Barcode Date last seen Cost, replacement price Price effective from Koha item type Purchase Price
        IIA Library-Bangalore IIA Library-Bangalore General Stacks 22/12/1976 7.50   083.7:621.791.65/ ISI 5762 05/11/2021 7.50 22/12/1976 Books Rs. 7.50

Powered by Koha